[Event "National interclub championship"]
[Site "Leuven"]
[Date "1998.02.08"]
[Round "9"]
[White "Thirion, Marcel"]
[Black "Craps, Ben"]
[Result "1-0"]
[WhiteElo "2220"]
[BlackElo "2185"]
[Board "4"]
[WhiteTeam "SK Eupen '47"]
[BlackTeam "LV Leuven"]
[PlyCount "64"]
[EventDate "1997.10.05"]
[Source "BelgaBase"]

1. e4 c6 2. d4 d5 3. Nc3 dxe4 4. Nxe4 Nd7 5. Bc4 Ngf6 6. Ng5 e6 7. Qe2 Nb6 8.
Bb3 h6 9. N5f3 a5 10. c3 a4 11. Bc2 a3 12. b3 Nbd5 13. Bd2 Qa5 14. Qd3 c5 15.
Ne2 cxd4 16. Qxd4 Bc5 17. Qh4 Qc7 18. O-O Bd7 19. Rad1 Ke7 20. Nf4 g5 21. Nxd5+
Nxd5 22. Qc4 Rac8 23. Rfe1 Nf4 24. Ne5 b5 25. Qe4 Be8 26. Bxf4 gxf4 27. b4 Bd6
28. Ng6+ fxg6 29. Qxe6+ Kf8 30. Rxd6 Qxc3 31. Bb3 Rc7 32. Qxe8+ Kg7 1-0

[Event "National interclub championship"]
[Site "Leuven"]
[Date "1998.02.08"]
[Round "9"]
[White "Praet, Maarten"]
[Black "Defize, Alain"]
[Result "1/2-1/2"]
[WhiteElo "2190"]
[BlackElo "2250"]
[Board "5"]
[WhiteTeam "LV Leuven"]
[BlackTeam "SK Eupen '47"]
[BlackTitle "FM"]
[PlyCount "128"]
[EventDate "1997.10.05"]
[Source "BelgaBase"]

1. e4 c5 2. c3 d5 3. exd5 Qxd5 4. d4 Nf6 5. Nf3 cxd4 6. cxd4 e6 7. Nc3 Qd6 8.
Bd3 Be7 9. O-O Nc6 10. a3 O-O 11. Re1 a6 12. Be3 b5 13. Rc1 Bb7 14. Bb1 Rac8
15. Qd3 Rfd8 16. d5 exd5 17. Rcd1 g6 18. Ba2 Na5 19. Bg5 Nc4 20. Bxc4 bxc4 21.
Qe3 Bf8 22. Qd4 Bg7 23. Qh4 Re8 24. Be3 Qf8 25. Bd4 Ne4 26. Nxd5 Bxd5 27. Bxg7
Qxg7 28. Rxd5 c3 29. bxc3 Nxc3 30. Rde5 Rxe5 31. Rxe5 Nb5 32. Qe7 Qf8 33. Qxf8+
Kxf8 34. h3 Rc1+ 35. Kh2 Ra1 36. Rc5 Rxa3 37. Rc8+ Kg7 38. Rb8 Ra2 39. Kg3 Re2
40. Ng5 Re7 41. Ra8 Ra7 42. Rxa7 Nxa7 43. Kf4 Nc6 44. Ke4 h6 45. Nf3 Kf6 46.
Kd5 Nb4+ 47. Kc4 a5 48. Ne1 Ke5 49. Nf3+ Kf4 50. Nd4 Ke4 51. Nb3 Nc2 52. Nc5+
Ke5 53. Nd3+ Kd6 54. Kc3 Na3 55. Kb3 Nb5 56. Ka4 Nc3+ 57. Kxa5 Kd5 58. Kb6 Kd4
59. Ne1 Nd1 60. Kc6 Nxf2 61. Kd6 Ke4 62. Ke7 Kf4 63. Kxf7 Kg3 64. Kxg6 Nxh3
1/2-1/2

[Event "National interclub championship"]
[Site "Leuven"]
[Date "1998.02.08"]
[Round "9"]
[White "Van Hul, Chris"]
[Black "Schumacher, Helmut"]
[Result "1-0"]
[WhiteElo "2245"]
[BlackElo "2185"]
[Board "7"]
[WhiteTeam "LV Leuven"]
[BlackTeam "SK Eupen '47"]
[PlyCount "73"]
[EventDate "1997.10.05"]
[Source "BelgaBase"]

1. e4 e6 2. d4 d5 3. e5 b6 4. Bb5+ c6 5. Ba4 Ne7 6. c3 a5 7. Ne2 h5 8. Bg5 Qc7
9. Nd2 Ba6 10. Nf4 g6 11. Bf6 Rg8 12. g4 Bh6 13. Qf3 hxg4 14. Qxg4 Nf5 15. Nf3
Bxf4 16. Qxf4 Nd7 17. Bg5 Rh8 18. h4 Bd3 19. Rh3 b5 20. Bd1 b4 21. Qd2 Be4 22.
cxb4 Qb6 23. bxa5 Rxa5 24. Ng1 Rb5 25. Rc1 Rxb2 26. Rxc6 Qxc6 27. Qxb2 f6 28.
Rc3 Qa6 29. Ra3 Qc8 30. exf6 Kf7 31. f3 Ng3 32. fxe4 Nxe4 33. Nf3 Qc7 34. Qg2
Qb6 35. Bd2 Ndxf6 36. Ne5+ Kg7 37. Qxg6+ 1-0

[Event "National interclub championship"]
[Site "Antwerp"]
[Date "1998.02.08"]
[Round "9"]
[White "Mohandesi, Shahin"]
[Black "Roofthoofd, Marcel"]
[Result "1/2-1/2"]
[WhiteElo "2285"]
[BlackElo "2300"]
[Board "2"]
[WhiteTeam "CC Anderlecht"]
[BlackTeam "SK Moretus Hoboken"]
[WhiteTitle "FM"]
[BlackTitle "FM"]
[PlyCount "85"]
[EventDate "1997.10.05"]
[Source "BelgaBase"]

1. d4 d5 2. Nf3 Nf6 3. c4 c6 4. Nc3 e6 5. cxd5 exd5 6. Bg5 Be7 7. Qc2 Bg4 8. e3
Nbd7 9. Bd3 Bh5 10. Rb1 Bg6 11. b4 Bxd3 12. Qxd3 O-O 13. O-O h6 14. Bxf6 Nxf6
15. b5 Bd6 16. bxc6 bxc6 17. Qa6 Re8 18. Rfc1 Ne4 19. Nxe4 dxe4 20. Nd2 c5 21.
dxc5 Bxc5 22. Nf1 Bb6 23. Ng3 Qd5 24. Qc4 Qe5 25. Rb5 Qe7 26. h3 Rac8 27. Qxc8
Rxc8 28. Rxc8+ Kh7 29. Rc2 Qd7 30. Rbb2 f5 31. Rd2 Qe6 32. Ne2 g5 33. Nd4 Qf6
34. Rb5 f4 35. Rd5 Kg6 36. g4 fxg3 37. fxg3 Bxd4 38. R5xd4 Qf3 39. Rd6+ Kg7 40.
Rd7+ Kg6 41. R7d6+ Kg7 42. Rd7+ Kg6 43. R7d6+ 1/2-1/2

[Event "National interclub championship"]
[Site "Antwerp"]
[Date "1998.02.08"]
[Round "9"]
[White "Plomp, Erwin"]
[Black "Tondivar, Babak"]
[Result "1/2-1/2"]
[WhiteElo "2190"]
[BlackElo "2305"]
[Board "3"]
[WhiteTeam "SK Moretus Hoboken"]
[BlackTeam "CC Anderlecht"]
[BlackTitle "FM"]
[PlyCount "47"]
[EventDate "1997.10.05"]
[Source "BelgaBase"]

1. d4 e6 2. Nf3 Nf6 3. e3 c5 4. Bd3 b6 5. O-O Bb7 6. Nbd2 d5 7. b3 Nbd7 8. Bb2
Bd6 9. Ne5 O-O 10. f4 Ne4 11. Bxe4 dxe4 12. Ndc4 Be7 13. Nxd7 Qxd7 14. dxc5
Qxd1 15. Rfxd1 Bxc5 16. Ba3 Bxa3 17. Nxa3 Rfd8 18. Kf2 Kf8 19. g3 Ke7 20. Rd4
Rac8 21. c4 Rc5 22. Rxd8 Kxd8 23. Nb5 a5 24. Rd1+ 1/2-1/2

[Event "National interclub championship"]
[Site "Antwerp"]
[Date "1998.02.08"]
[Round "9"]
[White "Talon, Alain"]
[Black "Faybish, Nimrod"]
[Result "1/2-1/2"]
[WhiteElo "2110"]
[BlackElo "2225"]
[Board "7"]
[WhiteTeam "SK Moretus Hoboken"]
[BlackTeam "CC Anderlecht"]
[PlyCount "53"]
[EventDate "1997.10.05"]
[Source "BelgaBase"]

1. e4 c5 2. c4 Nc6 3. Nc3 g6 4. g3 Bg7 5. Bg2 Nf6 6. Nge2 O-O 7. O-O Ne8 8. Rb1
Nc7 9. a3 Ne6 10. b4 d6 11. d3 Ncd4 12. Be3 Rb8 13. f4 Bd7 14. f5 Nxe2+ 15.
Nxe2 Nd4 16. g4 b5 17. Nxd4 cxd4 18. Bf4 Rc8 19. Rc1 Qb6 20. Kh1 Qa6 21. Qb3
bxc4 22. dxc4 Rc7 23. Rfe1 Rfc8 24. Bf1 Qb7 25. Bg2 Qa6 26. Bf1 Qb7 27. Bg2
1/2-1/2

[Event "National interclub championship"]
[Site "Mons"]
[Date "1998.02.08"]
[Round "9"]
[White "Thoeng, Paulus"]
[Black "Astolfi, Frederic"]
[Result "0-1"]
[WhiteElo "2295"]
[BlackElo "2255"]
[Board "4"]
[WhiteTeam "OSK Tessenderlo"]
[BlackTeam "L'Échiquier du Grand-Mons"]
[WhiteTitle "FM"]
[PlyCount "84"]
[EventDate "1997.10.05"]
[Source "BelgaBase"]

1. e4 c6 2. d3 e5 3. g3 g6 4. Bg2 Bg7 5. Nc3 Nf6 6. f4 d6 7. Nf3 Nbd7 8. O-O
O-O 9. Kh1 Kh8 10. f5 d5 11. Nh4 dxe4 12. dxe4 Ng8 13. Be3 Nb6 14. Qe2 Re8 15.
a4 Bh6 16. Rad1 Qe7 17. Bg1 Qb4 18. Rf3 g5 19. a5 Qxa5 20. Be3 gxh4 21. Bxh6
Nxh6 22. Qd2 Ng8 23. gxh4 Qc5 24. f6 Qf8 25. Rg1 Nd7 26. Bf1 Ndxf6 27. Qg5 h6
28. Qd2 b5 29. Bd3 Bg4 30. Rfg3 Bh5 31. Qf2 a5 32. Qb6 Qd6 33. Nxb5 Reb8 34.
Nxd6 Rxb6 35. Be2 Rbb8 36. Nc4 Re8 37. Bf1 Nxe4 38. Re3 Nf2+ 39. Kg2 Ng4 40.
Rb3 f5 41. Be2 Bf7 42. Rb7 Rf8 0-1

[Event "National interclub championship"]
[Site "Mons"]
[Date "1998.02.08"]
[Round "9"]
[White "Houriez, Alain"]
[Black "Ooms, Andy"]
[Result "0-1"]
[WhiteElo "2075"]
[BlackElo "2165"]
[Board "7"]
[WhiteTeam "L'Échiquier du Grand-Mons"]
[BlackTeam "OSK Tessenderlo"]
[PlyCount "118"]
[EventDate "1997.10.05"]
[Source "BelgaBase"]

1. e4 c5 2. Nc3 Nc6 3. g3 g6 4. Bg2 Bg7 5. d3 Rb8 6. Be3 d6 7. Qd2 b5 8. f4 b4
9. Nd1 Qb6 10. Nf3 e6 11. O-O Nge7 12. g4 f5 13. gxf5 exf5 14. Qf2 O-O 15. e5
Nd5 16. exd6 Nxe3 17. Nxe3 Na5 18. d7 Bxd7 19. Ne5 Be6 20. Bd5 Bxd5 21. Nxd5
Qd6 22. Qg2 Rbe8 23. Rfe1 Bxe5 24. fxe5 Rxe5 25. Nf4 Qd4+ 26. Qf2 Qxb2 27. Rxe5
Qxa1+ 28. Re1 Qd4 29. Re6 Qxf2+ 30. Kxf2 Rc8 31. Nd5 Kf8 32. Re7 Rd8 33. Rxa7
Rxd5 34. Rxa5 h5 35. a3 bxa3 36. Rxa3 c4 37. Ke2 cxd3+ 38. cxd3 Kf7 39. Ra6 Rb5
40. Ra2 Kf6 41. Ke3 Rb4 42. Rd2 f4+ 43. Kf3 g5 44. h3 Kf5 45. Kf2 Rb5 46. Kg2
Re5 47. Kf2 Re3 48. Ra2 Rxh3 49. Ra5+ Kf6 50. Ke2 Re3+ 51. Kf2 Rxd3 52. Kg2 Re3
53. Kf2 Re5 54. Ra8 Kf5 55. Kg2 Kg4 56. Ra1 Re2+ 57. Kh1 f3 58. Ra3 Kg3 59. Ra1
Rh2+ 0-1

[Event "National interclub championship"]
[Site "Mons"]
[Date "1998.02.08"]
[Round "9"]
[White "Croonenborghs, Tom"]
[Black "Pouvreau, David"]
[Result "0-1"]
[WhiteElo "2145"]
[BlackElo "2045"]
[Board "8"]
[WhiteTeam "OSK Tessenderlo"]
[BlackTeam "L'Échiquier du Grand-Mons"]
[PlyCount "102"]
[EventDate "1997.10.05"]
[Source "BelgaBase"]

1. e4 e5 2. Nc3 Nf6 3. g3 Bc5 4. Bg2 O-O 5. Nge2 Re8 6. O-O c6 7. d4 exd4 8.
Nxd4 Na6 9. Bf4 d6 10. a3 Nc7 11. b4 Bb6 12. a4 d5 13. e5 Nd7 14. Re1 Nf8 15.
Nb3 Nce6 16. Bc1 Ng6 17. a5 Bc7 18. f4 Ne7 19. Qd3 g6 20. Ne2 h5 21. Ned4 Nxd4
22. Nxd4 Nf5 23. Bb2 Nxd4 24. Qxd4 Be6 25. h3 Qe7 26. Ra3 Qf8 27. Rf3 Qg7 28.
Bc3 b6 29. Kh2 Rac8 30. Qd2 Qh6 31. Bd4 Bd8 32. Be3 Qg7 33. Rf2 c5 34. axb6 d4
35. bxa7 dxe3 36. Qxe3 Bb6 37. a8=Q Rxa8 38. Bxa8 Rxa8 39. bxc5 Bc7 40. Rd1 Qf8
41. Rfd2 Kg7 42. Qf3 Qc8 43. Qg2 Ra5 44. c6 Qa6 45. Rd7 Qb6 46. Re7 Rc5 47. f5
Bxf5 48. e6 Bxe6 49. Rxe6 fxe6 50. Rd7+ Kf6 51. Qf2+ Rf5 0-1

[Event "National interclub championship"]
[Site "Ghent"]
[Date "1998.02.08"]
[Round "9"]
[White "de Wit, Dick"]
[Black "Krijgelmans, Johan"]
[Result "1/2-1/2"]
[WhiteElo "2335"]
[BlackElo "2270"]
[Board "3"]
[WhiteTeam "K Ghent S Ruy Lopez"]
[BlackTeam "Jean Jaurès Ghent"]
[PlyCount "45"]
[EventDate "1997.10.05"]
[Source "BelgaBase"]

1. e4 e5 2. Nf3 Nf6 3. d4 Nxe4 4. Bd3 d5 5. Nxe5 Nd7 6. Nxd7 Bxd7 7. O-O Qh4 8.
c4 O-O-O 9. c5 g5 10. Nc3 Rg8 11. f3 Nxc5 12. dxc5 Bxc5+ 13. Kh1 Bd6 14. f4
gxf4 15. Qe1 Qg4 16. Qe2 Qh4 17. Qf2 Rg3 18. Qxa7 c6 19. Qa8+ Kc7 20. Qa5+ Kc8
21. Qa8+ Kc7 22. Qa5+ Kc8 23. Qa8+ 1/2-1/2

[Event "National interclub championship"]
[Site "Ghent"]
[Date "1998.02.08"]
[Round "9"]
[White "Goormachtigh, Johan"]
[Black "Riemens, Albert"]
[Result "0-1"]
[WhiteElo "2310"]
[BlackElo "2185"]
[Board "5"]
[WhiteTeam "K Ghent S Ruy Lopez"]
[BlackTeam "Jean Jaurès Ghent"]
[WhiteTitle "FM"]
[PlyCount "70"]
[EventDate "1997.10.05"]
[Source "BelgaBase"]

1. d4 Nf6 2. c4 c5 3. d5 e6 4. Nc3 exd5 5. cxd5 d6 6. e4 g6 7. f4 Bg7 8. Bb5+
Nbd7 9. e5 dxe5 10. fxe5 Nh5 11. e6 fxe6 12. dxe6 O-O 13. exd7 Bxd7 14. Qd5+
Kh8 15. Bxd7 Nf6 16. Qd3 Nxd7 17. Nf3 Rxf3 18. Qxf3 Ne5 19. Qe4 Nd3+ 20. Ke2 c4
21. Qxc4 Ne5 22. Qe4 Qb6 23. b4 Ng4 24. Be3 Nxe3 25. Qxe3 Qc6 26. Ne4 Re8 27.
Rac1 Qb5+ 28. Kf2 Qf5+ 29. Ke2 Qb5+ 30. Kf2 Qf5+ 31. Ke1 Bb2 32. Rc4 Qb5 33.
Qb3 Bg7 34. Rf1 Qd5 35. Rf2 b5 0-1

[Event "National interclub championship"]
[Site "Ghent"]
[Date "1998.02.08"]
[Round "9"]
[White "Moll, Arne"]
[Black "de Wit, Michel"]
[Result "1/2-1/2"]
[WhiteElo "2130"]
[BlackElo "2305"]
[Board "8"]
[WhiteTeam "Jean Jaurès Ghent"]
[BlackTeam "K Ghent S Ruy Lopez"]
[BlackTitle "FM"]
[PlyCount "49"]
[EventDate "1997.10.05"]
[Source "BelgaBase"]

1. e4 e5 2. d4 exd4 3. Qxd4 Nc6 4. Qe3 Bb4+ 5. Nc3 Nf6 6. Bd2 O-O 7. O-O-O Qe7
8. Qg3 Nxe4 9. Nxe4 Qxe4 10. c3 Bd6 11. f4 Qa4 12. Bd3 Qxa2 13. Bb1 Qc4 14. Nf3
Be7 15. Rhe1 d5 16. Ne5 Nxe5 17. Rxe5 Bd6 18. Rg5 g6 19. Be3 c5 20. Rgxd5 Be7
21. f5 Qh4 22. Qxh4 Bxh4 23. fxg6 hxg6 24. Bxc5 Be6 25. Bxf8 1/2-1/2

[Event "National interclub championship"]
[Site "Brussels"]
[Date "1998.03.01"]
[Round "10"]
[White "Bolzoni, Victor-Angel"]
[Black "Degraeve, Jean Marc"]
[Result "1/2-1/2"]
[WhiteElo "2250"]
[BlackElo "2525"]
[Board "1"]
[WhiteTeam "CRÉ Brussels"]
[BlackTeam "L'Échiquier du Grand-Mons"]
[WhiteTitle "FM"]
[BlackTitle "GM"]
[PlyCount "37"]
[EventDate "1997.10.05"]
[Source "BelgaBase"]

1. e4 c5 2. Nf3 Nc6 3. c3 Nf6 4. e5 Nd5 5. d4 cxd4 6. cxd4 e6 7. Nc3 d6 8. exd6
Qxd6 9. Bc4 Be7 10. O-O O-O 11. Bb3 Nxc3 12. bxc3 e5 13. Nxe5 Nxe5 14. Bf4 Qc6
15. Bxe5 Qxc3 16. Rc1 Qb4 17. Qh5 Bd6 18. Bxg7 Kxg7 19. Qg5+ 1/2-1/2

[Event "National interclub championship"]
[Site "Brussels"]
[Date "1998.03.01"]
[Round "10"]
[White "Usachyi, Vladimir"]
[Black "Wantiez, Fabrice"]
[Result "1-0"]
[WhiteElo "2245"]
[BlackElo "2110"]
[Board "3"]
[WhiteTeam "CRÉ Brussels"]
[BlackTeam "L'Échiquier du Grand-Mons"]
[PlyCount "57"]
[EventDate "1997.10.05"]
[Source "BelgaBase"]

1. d4 Nf6 2. c4 g6 3. Nc3 d5 4. Bg5 Ne4 5. Bh4 Nxc3 6. bxc3 Bg7 7. e3 c5 8.
cxd5 Qxd5 9. Qf3 Qd7 10. Bc4 O-O 11. Ne2 e5 12. O-O exd4 13. cxd4 Nc6 14. Rad1
cxd4 15. exd4 a6 16. Bd5 Ne7 17. Bb3 Nf5 18. Bg5 Qb5 19. d5 h6 20. Bc1 Re8 21.
Ng3 Nd4 22. Rxd4 Bxd4 23. Ne4 Qb6 24. Bxh6 Bf5 25. Ng5 Bf6 26. g4 Bxg5 27. Bxg5
Be4 28. Qf4 Qb5 29. Qf6 1-0

[Event "National interclub championship"]
[Site "Brussels"]
[Date "1998.03.01"]
[Round "10"]
[White "Le Quang, Kim"]
[Black "Kerkhof, Philippe"]
[Result "0-1"]
[WhiteElo "2265"]
[BlackElo "2240"]
[Board "4"]
[WhiteTeam "L'Échiquier du Grand-Mons"]
[BlackTeam "CRÉ Brussels"]
[WhiteTitle "FM"]
[PlyCount "115"]
[EventDate "1997.10.05"]
[Source "BelgaBase"]

1. e4 d6 2. d4 Nf6 3. Nc3 g6 4. g3 Bg7 5. Bg2 O-O 6. Nge2 e5 7. h3 Nc6 8. Be3
a6 9. a4 Bd7 10. O-O exd4 11. Nxd4 Re8 12. Nde2 Nb4 13. Nf4 Bc6 14. Bd4 b5 15.
Re1 Qc8 16. Qd2 Qb7 17. Re2 bxa4 18. Rae1 a5 19. Ncd5 Nbxd5 20. exd5 Bb5 21.
Rxe8+ Rxe8 22. Qxa5 Rxe1+ 23. Qxe1 Kf8 24. Qc3 Ne8 25. Bxg7+ Nxg7 26. Qf6 Qc8
27. h4 Qe8 28. Kh2 Bd7 29. Bf3 Qe5 30. Qd8+ Be8 31. Qxc7 Nf5 32. Nd3 Qd4 33. g4
Nxh4 34. Qxd6+ Kg8 35. Kg3 Nxf3 36. Kxf3 h5 37. gxh5 gxh5 38. Qg3+ Kf8 39. Qg5
Bd7 40. Qd8+ Be8 41. Qg5 Bd7 42. Nf4 Bg4+ 43. Kg3 Qe4 44. Qh6+ Kg8 45. Kh4 Qxc2
46. Qf6 Qxf2+ 47. Kg5 Qc2 48. d6 Qc8 49. Nd5 Qc1+ 50. Nf4 Qc8 51. Qe5 Bf3 52.
Kf6 Qf8 53. Kg5 Qc8 54. Kf6 Qf8 55. Qg5+ Kh8 56. Ke5 Qc8 57. Qe7 Qc5+ 58. Kf6
0-1

[Event "National interclub championship"]
[Site "Brussels"]
[Date "1998.03.01"]
[Round "10"]
[White "Johannes, Alex"]
[Black "Pelle, Guillaume"]
[Result "0-1"]
[WhiteElo "2155"]
[BlackElo "2180"]
[Board "5"]
[WhiteTeam "CRÉ Brussels"]
[BlackTeam "L'Échiquier du Grand-Mons"]
[PlyCount "94"]
[EventDate "1997.10.05"]
[Source "BelgaBase"]

1. d4 Nf6 2. c4 g6 3. Nc3 Bg7 4. e4 d6 5. f3 O-O 6. Bg5 c5 7. d5 e6 8. Qd2 exd5
9. Nxd5 Be6 10. Ne2 Bxd5 11. cxd5 Nbd7 12. Nc3 a6 13. a4 Re8 14. Be2 Qe7 15.
O-O Qf8 16. a5 h5 17. Ra3 Rac8 18. Ra4 Kh7 19. f4 Bh6 20. h4 c4 21. e5 dxe5 22.
f5 e4 23. d6 Rc6 24. Rxc4 Rxd6 25. Rd4 Rxd4 26. Qxd4 Bg7 27. fxg6+ fxg6 28. Kh1
Qe7 29. Qa7 Qb4 30. Qe3 Qxa5 31. Rd1 Qe5 32. Bf4 Qf5 33. Qg3 b5 34. Rd6 Re6 35.
Rd1 b4 36. Nb1 a5 37. Nd2 a4 38. Nf1 Nd5 39. Bc1 N7b6 40. Bb5 Be5 41. Qe1 Bg7
42. Be2 b3 43. Qg3 Rc6 44. Ne3 Qf4 45. Qxf4 Nxf4 46. Bb5 Rc5 47. Be8 Nd3 0-1

[Event "National interclub championship"]
[Site "Ghent"]
[Date "1998.03.01"]
[Round "10"]
[White "de Waal, Mark"]
[Black "Åkesson, Ralf"]
[Result "0-1"]
[WhiteElo "2245"]
[BlackElo "2505"]
[Board "1"]
[WhiteTeam "Jean Jaurès Ghent"]
[BlackTeam "LV Leuven"]
[BlackTitle "GM"]
[PlyCount "82"]
[EventDate "1997.10.05"]
[Source "BelgaBase"]

1. d4 Nf6 2. Nf3 e6 3. c4 b6 4. Bf4 Bb7 5. e3 Bb4+ 6. Nbd2 Be7 7. Be2 Nh5 8.
Qc2 Nxf4 9. exf4 c5 10. dxc5 bxc5 11. O-O Nc6 12. Ne4 O-O 13. Rad1 Qc7 14. Qd2
Rfd8 15. Nd6 Bxd6 16. Qxd6 Qxd6 17. Rxd6 Kf8 18. Rfd1 Ke7 19. R6d2 Rab8 20. b3
a5 21. Bd3 a4 22. bxa4 Na5 23. Ne5 f5 24. Bc2 d6 25. Nd3 Nxc4 26. Re2 Na3 27.
Nb2 Bf3 28. gxf3 Rxb2 29. Bd3 Rxe2 30. Bxe2 Ra8 31. Bb5 c4 32. Rc1 d5 33. Kf1
Kd6 34. Ke1 d4 35. Rxc4 Nxc4 36. Bxc4 Rxa4 37. Bb3 Ra6 38. Ke2 Rc6 39. a4 Rc3
40. Bd1 Kc5 41. h4 Ra3 0-1

[Event "National interclub championship"]
[Site "Ghent"]
[Date "1998.03.01"]
[Round "10"]
[White "Claesen, Pieter"]
[Black "Groffen, Hans"]
[Result "1-0"]
[WhiteElo "2430"]
[BlackElo "2220"]
[Board "2"]
[WhiteTeam "LV Leuven"]
[BlackTeam "Jean Jaurès Ghent"]
[WhiteTitle "IM"]
[PlyCount "63"]
[EventDate "1997.10.05"]
[Source "BelgaBase"]

1. c4 b6 2. Nf3 Bb7 3. g3 Bxf3 4. exf3 c5 5. d4 cxd4 6. Qxd4 Nc6 7. Qd1 g6 8.
Nc3 Bg7 9. Be3 h5 10. Rc1 Rc8 11. Be2 Nh6 12. g4 Qc7 13. h3 h4 14. f4 f5 15.
Bf3 Qb8 16. Qd2 Na5 17. b3 Nb7 18. Rg1 fxg4 19. Qd3 Qd6 20. Qxd6 Nxd6 21. hxg4
Nhf7 22. Ke2 Nd8 23. Ne4 N6f7 24. Rcd1 Nc6 25. Rd2 Rf8 26. Rgd1 Nh8 27. Rd3 Nd8
28. Ng5 Nc6 29. Be4 Rf6 30. Rh1 Nb4 31. Rd2 Bh6 32. Rxh4 1-0

[Event "National interclub championship"]
[Site "Ghent"]
[Date "1998.03.01"]
[Round "10"]
[White "Krijgelmans, Johan"]
[Black "Claesen, Jeroen"]
[Result "0-1"]
[WhiteElo "2270"]
[BlackElo "2320"]
[Board "3"]
[WhiteTeam "Jean Jaurès Ghent"]
[BlackTeam "LV Leuven"]
[BlackTitle "FM"]
[PlyCount "80"]
[EventDate "1997.10.05"]
[Source "BelgaBase"]

1. d4 c5 2. d5 Nf6 3. c4 b5 4. Nf3 b4 5. Nbd2 g6 6. e4 d6 7. a3 Bg7 8. axb4
cxb4 9. Qa4+ Nfd7 10. Qxb4 Na6 11. Qa3 Ndc5 12. Rb1 f5 13. e5 dxe5 14. b4 Nd7
15. c5 Nc7 16. Bc4 e4 17. Bb2 Nf6 18. Ne5 Ncxd5 19. Nc6 Qd7 20. Bb5 O-O 21. Nc4
Nc7 22. Ba4 Ncd5 23. N6e5 Qc7 24. O-O Be6 25. Ne3 f4 26. Nxd5 Bxd5 27. Bb3 e6
28. Nc4 f3 29. Ne3 fxg2 30. Rfd1 Rad8 31. Bxf6 Bxf6 32. Bxd5 exd5 33. Nxd5 Rxd5
34. Rxd5 Bh4 35. Rb2 Bxf2+ 36. Rxf2 Rxf2 37. Kxf2 Qf7+ 38. Kxg2 Qxd5 39. Qxa7
e3+ 40. Kf1 Qf3+ 0-1

[Event "National interclub championship"]
[Site "Ghent"]
[Date "1998.03.01"]
[Round "10"]
[White "Riemens, Albert"]
[Black "Van Mechelen, Jan"]
[Result "1-0"]
[WhiteElo "2185"]
[BlackElo "2265"]
[Board "5"]
[WhiteTeam "Jean Jaurès Ghent"]
[BlackTeam "LV Leuven"]
[BlackTitle "FM"]
[PlyCount "45"]
[EventDate "1997.10.05"]
[Source "BelgaBase"]

1. e4 c5 2. c3 b6 3. d4 cxd4 4. cxd4 Bb7 5. Nc3 e6 6. Bd3 Nf6 7. Nge2 Be7 8.
O-O O-O 9. Ng3 Ba6 10. Bxa6 Nxa6 11. e5 Ne8 12. d5 exd5 13. Nxd5 d6 14. Nf5 Bg5
15. f4 Bh6 16. Nxh6+ gxh6 17. f5 dxe5 18. Bxh6 Qh4 19. Bxf8 Kxf8 20. g3 Qd4+
21. Qxd4 exd4 22. Rad1 Rd8 23. Rxd4 1-0

[Event "National interclub championship"]
[Site "Eupen"]
[Date "1998.03.01"]
[Round "10"]
[White "Schneider, Bernd"]
[Black "Cools, Gorik"]
[Result "1-0"]
[WhiteElo "2400"]
[BlackElo "2295"]
[Board "1"]
[WhiteTeam "SK Rochade Eupen"]
[BlackTeam "SK Moretus Hoboken"]
[WhiteTitle "IM"]
[BlackTitle "FM"]
[PlyCount "53"]
[EventDate "1997.10.05"]
[Source "BelgaBase"]

1. d4 Nf6 2. g3 d5 3. Bg2 c6 4. Nf3 Bf5 5. O-O e6 6. c4 Nbd7 7. Qb3 Qb6 8. c5
Qa6 9. Nc3 b6 10. cxb6 axb6 11. Nh4 Bg6 12. Nxg6 hxg6 13. e4 Be7 14. Re1 Kf8
15. Bg5 Re8 16. exd5 exd5 17. h4 Qa5 18. Bh3 Nb8 19. Bf4 Na6 20. Re2 Nb4 21. a3
Nd3 22. Bd2 Qa6 23. Bf1 c5 24. Nxd5 c4 25. Qxb6 Qxb6 26. Nxb6 Nxb2 27. Ra2 1-0

[Event "National interclub championship"]
[Site "Eupen"]
[Date "1998.03.01"]
[Round "10"]
[White "Plomp, Gordon"]
[Black "Ahn, Martin"]
[Result "1-0"]
[WhiteElo "2330"]
[BlackElo "2310"]
[Board "2"]
[WhiteTeam "SK Moretus Hoboken"]
[BlackTeam "SK Rochade Eupen"]
[BlackTitle "FM"]
[PlyCount "67"]
[EventDate "1997.10.05"]
[Source "BelgaBase"]

1. c4 g6 2. Nc3 Bg7 3. g3 d6 4. Bg2 e5 5. Nf3 Nc6 6. d3 Nf6 7. O-O O-O 8. Rb1
a5 9. a3 Re8 10. Nd2 Bg4 11. h3 Be6 12. Nd5 a4 13. b3 axb3 14. e3 Nd7 15. Nxb3
Bf5 16. Bb2 Na5 17. Nxa5 Rxa5 18. Bc1 c6 19. Nb4 Nc5 20. Bb2 Na4 21. Ba1 Be6
22. Qd2 f5 23. Bxc6 bxc6 24. Nxc6 Qa8 25. Nxa5 f4 26. Kh2 Rf8 27. exf4 Bh6 28.
Qe1 Rxf4 29. Bxe5 Rf8 30. Bxd6 Re8 31. Qe4 Qxa5 32. Rb8 Rxb8 33. Qxe6+ Kh8 34.
Qe5+ 1-0

[Event "National interclub championship"]
[Site "Eupen"]
[Date "1998.03.01"]
[Round "10"]
[White "Meessen, Rudolf"]
[Black "Roofthoofd, Marcel"]
[Result "1/2-1/2"]
[WhiteElo "2310"]
[BlackElo "2300"]
[Board "3"]
[WhiteTeam "SK Rochade Eupen"]
[BlackTeam "SK Moretus Hoboken"]
[BlackTitle "FM"]
[PlyCount "39"]
[EventDate "1997.10.05"]
[Source "BelgaBase"]

1. d4 d5 2. c4 c6 3. Nf3 Nf6 4. Nc3 e6 5. Bg5 h6 6. Bh4 Be7 7. e3 O-O 8. cxd5
exd5 9. Qc2 Be6 10. Bd3 Nbd7 11. O-O Rc8 12. Rae1 a6 13. Ne5 c5 14. Qd2 Re8 15.
Bg3 Nxe5 16. Bxe5 Nd7 17. Bg3 cxd4 18. exd4 Bf6 19. Be2 b5 20. Rc1 1/2-1/2

[Event "National interclub championship"]
[Site "Eupen"]
[Date "1998.03.01"]
[Round "10"]
[White "Plomp, Erwin"]
[Black "Sonntag, Hans Hubert"]
[Result "1/2-1/2"]
[WhiteElo "2190"]
[BlackElo "2365"]
[Board "4"]
[WhiteTeam "SK Moretus Hoboken"]
[BlackTeam "SK Rochade Eupen"]
[BlackTitle "IM"]
[PlyCount "109"]
[EventDate "1997.10.05"]
[Source "BelgaBase"]

1. d4 Nf6 2. Nf3 g6 3. c4 Bg7 4. Nc3 d6 5. e4 O-O 6. Be2 Nbd7 7. b3 e5 8. Bb2
Re8 9. d5 Nc5 10. Qc2 a5 11. O-O Bd7 12. Ne1 c6 13. dxc6 Bxc6 14. Bf3 Qb6 15.
Ba3 Bf8 16. Rd1 a4 17. b4 Ne6 18. Ne2 Rac8 19. Qd3 Bd7 20. Nc2 Ng5 21. Ne3 Be6
22. Nc3 Nxf3+ 23. gxf3 Red8 24. Ncd5 Nxd5 25. Nxd5 Bxd5 26. Qxd5 Qc6 27. Rc1
Bh6 28. Rc3 Qxd5 29. exd5 b5 30. c5 dxc5 31. bxc5 Rxd5 32. Rb1 Rb8 33. Rc4 Bf8
34. Rxa4 Bxc5 35. Bxc5 Rxc5 36. Rab4 Ra8 37. Rxb5 Rxb5 38. Rxb5 f6 39. Rb2 Ra3
40. Kg2 g5 41. Kg3 Kf7 42. Kg2 Kg6 43. Rc2 Kf5 44. Re2 h5 45. Rb2 Ra4 46. Rc2
Kf4 47. Rb2 h4 48. h3 Ra3 49. Rb4+ Kf5 50. Rb2 Ra6 51. Re2 Ke6 52. Rd2 Ra4 53.
Rb2 Ra6 54. Rd2 Rb6 55. Kf1 1/2-1/2